Responses for Show #2435 - Friday, March 17, 1995

Jonathan Groff game 4.

Contestants

[<< previous game]

Sean Sell, an attorney from La Jolla, California

Jim Lux, a consultant from Westlake Village, California

Jonathan Groff, a writer and actor from New York City, New York (whose 3-day cash winnings total $44,700)

Jeopardy! Round responses

DISASTERS
SINGERS
TRAVEL & TOURISM
HEALTH & MEDICINE
FOOD PHRASES
CAN I PUT THIS DOWN?
(Alex: You'll discover what that category's all about if you start at the top.)
    $100 1
the Chicago Fire

Jonathan
    $100 12
Nancy Sinatra

Jonathan
    $100 21
Rio de Janeiro

Jim
    $100 26
milk

Jonathan
    $100 10
fish

Jonathan
    $100 5
the Statue of Liberty

Jonathan
    $200 2
oil

Jim
    $200 17
Elvis Presley

Sean
    $200 22
Guinness

Jonathan
    $200 27
colds

Jonathan
    $200 11
the mustard

Sean
    $200 6
a lamp

Jonathan
    $300 3
the Hindenburg

Jonathan
    $300 18
Deanna Durbin

Jonathan
    $300 23
Venice

Jonathan
    $300 28
pastes

Jonathan
    $300 14
to egg on

Jonathan
    $300 7
Orion

Jonathan
    $400 4
the Huguenots

Sean
    $400 19
Michael Crawford

Jonathan
    $400 24
the Tivoli Garden

Jim
    $400 29
insulin

Jonathan
    $400 15
(Jonathan: What is a soup?)

a pickle

Jonathan
Triple Stumper
    $400 8
a cane

Jonathan
    $1,000 13
the Arno

Jonathan
    $500 20
Ricky Nelson

Jonathan
    $500 25
Innsbruck

Jonathan
    $500 30
[No applause for Jonathan's run of the category]

hammertoes

Jonathan
    $500 16
a pie in the sky

Sean
    $500 9
a sword

Jim

Scores at the first commercial break (after clue 15):

Jonathan Jim Sean
$2,500 $700 $600

Scores at the end of the Jeopardy! Round:

Jonathan Jim Sean
$6,200 $1,200 $1,300

Double Jeopardy! Round responses

MONARCHS
U.S. GEOGRAPHY
PAINTERS & PAINTINGS
MYTHOLOGY
BLACK AMERICANS
MARYS IN LITERATURE
    $200 2
William the Conqueror

Jonathan
    $200 15
(Jim: What is Nantucket?)

Martha's Vineyard

JonathanJim
    $200 21
the cross

Jonathan
    $200 7
the Trojan War

Jonathan
    $200 12
Charles Barkley

Jonathan
    $200 26
Gore Vidal

Jonathan
    $400 3
Peter the Great

Jonathan
    $400 1
California

Jonathan
    $400 22
Picasso

Jim
    $400 8
Thor

Sean
    $400 13
(Jim: Who is Malcolm X?)

Eldridge Cleaver

JonathanJim
    $400 27
a dance marathon

Jim
    $600 4
Louis XVI

Jonathan
    $4,000 16
(Jonathan: What is Texas?)

Oklahoma

Jonathan
    $600 23
Toulouse-Lautrec

Jonathan
    $600 9
Jason

Jim
    $600 14
(Jonathan: Who is Marian Anderson?)

Leontyne Price

JonathanSean
    $600 28
Studs Lonigan

Jonathan
    $800 5
Sweden

Jonathan
    $800 17
Lake Erie

Jonathan
    $800 24
Grant Wood

Jonathan
    $800 10
a boar

Triple Stumper
    $1,800 19
Ralph Bunche

Jonathan
    $800 29
Miss Jane Pittman

Jonathan
    $1000 6
[Applause for Jonathan's run of the category]

Beatrix

Jonathan
    $1000 18
Lake Pontchartrain

Jonathan
    $1000 25
(Alex: Less than a minute to go.)

George Sand

Sean
    $1000 11
Artemis

Jonathan
    $1000 20
Guion Bluford, Jr.

Triple Stumper
    $1000 30
(Jonathan: What is, uh, The Heart Is a Lonely Hunter?)

The Member of the Wedding

Jonathan
Triple Stumper

Scores at the end of the Double Jeopardy! Round:

Jonathan Jim Sean
$12,800 $2,000 $3,300
(lock game)

[wagering suggestions for these scores]

Final Jeopardy! Round responses

PHILANTHROPISTS
JimWhat is an observatory?
$1,999
SeanWhat is a Cathedral
$3,300
JonathanWhat is a statue?
$6,000
a telescope

Final scores:

Jonathan Jim Sean
$6,800 $3,999 $0
4-day champion: $51,500 2nd place: a trip on Trans World Airlines + a week at Marriott at Sawgrass Resort in Ponte Vedra Beach, Florida + the Jeopardy! Sports Edition for PC or the Super Nintendo Entertainment System 3rd place: a vacation at the historic Ingleside Inn in Palm Springs + the Jeopardy! Sports Edition for PC or the Super Nintendo Entertainment System

Game dynamics:

Coryat scores:

Jonathan Jim Sean
$15,300 $2,000 $3,300
41 R
(including 2 DDs),
4 W
(including 1 DD)
7 R,
2 W
7 R,
0 W

Combined Coryat: $20,600

[game clues] [game scores] [suggest correction]

Game tape date: 1994-11-30
The J! Archive is created by fans, for fans. Scraping, republication, monetization, and malicious use prohibited; this site may use cookies and collect identifying information. See terms. The Jeopardy! game show and all elements thereof, including but not limited to copyright and trademark thereto, are the property of Jeopardy Productions, Inc. and are protected under law. This website is not affiliated with, sponsored by, or operated by Jeopardy Productions, Inc. Join the discussion at JBoard.tv.